| 000 | 00500nam a2200181Ia 4500 | ||
|---|---|---|---|
| 003 | GCL | ||
| 008 | 140319s9999 xx 000 0 ara d | ||
| 040 |
_aGCL / _cGCL |
||
| 082 | 0 | 4 |
_a071 _bم ط |
| 100 | 1 | _aمنذر الاسعد | |
| 245 | 1 | 0 |
_aطرائف الاخطاء الصحفية والمطبعية / _cمنذر الاسعد |
| 300 | _a225 ص | ||
| 490 | _a | ||
| 650 | 0 | 4 | _aالصحافة |
| 650 | 0 | 4 | _aالاعلام |
| 650 | 0 | 4 | _aالصحافة العربية - نقد |
| 942 |
_2ddc _cBK |
||
| 999 |
_c44878 _d44878 |
||